| 000 | 02248cam a22005054i 4500 | ||
|---|---|---|---|
| 003 | PE-LiUPU | ||
| 005 | 20250731184559.0 | ||
| 008 | 150616s r 000 0 d | ||
| 035 | _a(Sirsi) a5092 | ||
| 040 |
_aPE-LiUPU _bspa _cPE-LiUPU _erda |
||
| 049 | _aPRUA | ||
| 082 | 0 | 4 |
_b _221 |
| 100 | 1 |
_aRichards, H. M. S., _eautor. |
|
| 245 | 1 | 0 |
_a30,000 miles of miracles / _cH. M. S. Richards. |
| 264 | 1 |
_aLos Angeles, California : _bThe Voice of Prophecy, _c1950. |
|
| 300 |
_a112 páginas : _bilustraciones ; _c20 cm. |
||
| 336 |
_atext _2rdacontent |
||
| 337 |
_aunmediated _2rdamedia |
||
| 338 |
_avolume _2rdacarrier |
||
| 505 | 0 | _aIreland and England -- I slept in Rabbah of the ammonites -- Roll, Jordan, roll! -- Seven times around Jericho -- I saw a star in Bethlehem -- What I saw in Jerusalem -- We visit Mount Moriah -- The stations of the cross -- On the Mount of Olives -- I looked into the tomb of Abraham -- The Jesus tower in Damascus -- My trip to Tyre and Sidon -- My visit to the mountain of God -- Barefooted at the shwe Dagon -- "Good news from a far country". | |
| 526 | _aP136 | ||
| 526 | _aP135 | ||
| 526 | _aP134 | ||
| 526 | _aP133 | ||
| 526 | _aP144 | ||
| 526 | _aP143 | ||
| 526 | _aP87 | ||
| 526 | _aP35 | ||
| 526 | _aP20 | ||
| 526 | _aP14 | ||
| 526 | _aP10 | ||
| 526 | _aP06 | ||
| 650 | 0 | 4 | _aGeografía bíblica. |
| 651 |
_aJerusalén _xHistoria _yÉpoca bíblica. |
||
| 910 |
_ajck _bjvq _cjck |
||
| 942 |
_2ddc _cBOOK |
||
| 949 |
_a910.4 R39 _wDEWEY _c1 _i10552 _lCCODEBUL1 _mBUL _p00.00 _r0 _sY _tBOOK _u2015-04-23 _xBIBLIOTECA _zUNKNOWN _0COMPRA _o.STAFF. Colección General |
||
| 949 |
_a910.4 R39 _wDEWEY _c2 _i50168 _lCCODEBUL1 _mBUL _p00.00 _r0 _sY _tBOOK _u20020520 _xEDUCACION _PP20 _0COMPRA _o.STAFF. Colección General |
||
| 994 |
_aC0 _bPEPRU |
||
| 596 | _a1 | ||
| 999 |
_a910.4 R39 _wDEWEY _c53399 _i10552 _f2019-12-11 _g4 _lDISCARD _mBUL _r0 _sY _tBOOK _u2015-4-23 _xEDUCACION _zUNKNOWN _0COMPRA _o.STAFF. Colección General _d53399 |
||
| 999 |
_a910.4 R39 _wDEWEY _c2 _i50168 _f2022-4-21 _g5 _lCCODEBUL1 _mBUL _r0 _sY _tBOOK _u2015-6-16 _xEDUCACION _PP20 _0COMPRA _o.STAFF. Colección General |
||
| 980 |
_81 _gALBERTO SANCHEZ Responsable de Automatización |
||